| 000 | 00631cam a2200205 a 4500 | ||
|---|---|---|---|
| 001 | 000019892 | ||
| 005 | 20200929170159.0 | ||
| 008 | 840822s1969 ag 000 0 spa d | ||
| 040 |
_aDO-SdBNP _bspa _cLC _dBNPHU |
||
| 082 |
_aA862.44 _bM268t |
||
| 100 | 1 |
_aManceaux, Alberto. _93738 |
|
| 245 | 1 | 4 |
_aLos tres Juanes : _bcomedia dramática en tres actos / _cAlberto Manceaux. |
| 260 |
_aBuenos Aires, (Argentina) : _b[s.n.], _c1969. |
||
| 300 |
_a65 p. ; _c19 cm. |
||
| 650 | 4 |
_aTeatro argentino _94843 |
|
| 650 | 4 |
_aHumorismo _97166 |
|
| 650 | 4 |
_aLiteratura española _9632 |
|
| 910 | _aCatalogación derivada / LC | ||
| 049 | _aBNGR | ||
| 999 |
_c19405 _d19405 |
||